Física 4º educación media: guía didáctica del docente

Spremljeno u:
Bibliografski detalji
Glavni autor: Valdés Arriagada, Pablo (Autor)
Autor kompanije: Ministerio de Educación (Autor)
Format: Knjiga
Jezik:španjolski
Izdano: Santiago Santillana del Pacífico 2012
Izdanje:1a. ed
Teme:
Oznake: Dodaj oznaku
Bez oznaka, Budi prvi tko označuje ovaj zapis!

MARC

LEADER 00000cam a2200000 a 4500
001 UCE6881
003 CL-VaPUC
008 150507e20120000cl |||||||||||||||||spa|d
020 |a 9789561519794 
082 0 4 |a 530.712  |b VAL  |2 21 
100 0 |a Valdés Arriagada, Pablo  |e author  |9 579544 
110 2 |a Ministerio de Educación  |e author  |9 579545 
245 1 0 |a Física 4º educación media: guía didáctica del docente 
250 |a 1a. ed 
300 |a 96 p 
942 |c BK 
945 |d 20150507 00:22:00  |a arojas 
260 |a Santiago  |b Santillana del Pacífico  |c 2012 
500 |a Edición especial para el Ministerio de Educación 
650 0 |a enseñanza de la física   |9 339846 
650 0 |a Métodos de enseñanza  |9 270413 
650 0 |a Libros de texto  |9 270019 
583 |a last modification  |c 20150507 00:22:00  |k Rodrigo Vera 
999 |c 359060  |d 359058 
952 |0 0  |1 0  |3 erb  |4 0  |6 530_712000000000000_VAL_2012  |7 0  |8 A  |9 468078  |a BIBEDU  |b BIBEDU  |i 5148766  |o 530.712 VAL 2012  |p 5148766  |r 2019-11-23  |w 2019-11-23  |y BK  |z Catalogado en:20150507  |k EPE